Ḥayāt Muḥammad al-rūḥīyah (Record no. 47255)

MARC details
000 -LEADER
fixed length control field 00718cam a22002291 4500
001 - CONTROL NUMBER
control field ne 64001867
003 - CONTROL NUMBER IDENTIFIER
control field DLC
005 - DATE AND TIME OF LATEST TRANSACTION
control field 20260227111802.0
008 - FIXED-LENGTH DATA ELEMENTS--GENERAL INFORMATION
fixed length control field 891218s1964 ua h 000 0bara c
010 ## - LIBRARY OF CONGRESS CONTROL NUMBER
LC control number ne 64001867
025 ## - OVERSEAS ACQUISITION NUMBER
Overseas acquisition number PL480:UAR-4365
035 ## - SYSTEM CONTROL NUMBER
System control number (OCoLC)20793119
040 ## - CATALOGING SOURCE
Original cataloging agency Princeton Univ. Libr.
Transcribing agency WaU
Modifying agency WaU
-- DLC
042 ## - AUTHENTICATION CODE
Authentication code premarc
050 00 - LIBRARY OF CONGRESS CALL NUMBER
Classification number BP75
Item number .R23
100 1# - MAIN ENTRY--PERSONAL NAME
Personal name Rāḍī, ʻAlī ʻAbd al-Jalīl.
245 10 - TITLE STATEMENT
Title Ḥayāt Muḥammad al-rūḥīyah
Statement of responsibility, etc. [taʼlīf] ʻAlī ʻAbd al-Jalīl Rāḍī.
250 ## - EDITION STATEMENT
Edition statement al-Ṭabʻah al-ūlá.
260 ## - PUBLICATION, DISTRIBUTION, ETC.
Place of publication, distribution, etc. al-Qāhirah,
Name of publisher, distributor, etc. Maktabat al-Nahḍah al-Miṣrīyah
Date of publication, distribution, etc. [1964]
300 ## - PHYSICAL DESCRIPTION
Extent 379 p.
Other physical details facsim.
Dimensions 24 cm.
600 00 - SUBJECT ADDED ENTRY--PERSONAL NAME
Personal name Muḥammad,
Titles and other words associated with a name Prophet,
Dates associated with a name -632.

No items available.

Powered by Koha